[Event "European Rapid Championship 2021"]
[Site "Katowice"]
[Date "2021.12.18"]
[Round "1.1"]
[White "Motylev, Alexander"]
[Black "Klementys, Jerzy"]
[Result "1-0"]
[WhiteElo "2703"]
[BlackElo "1576"]
[Annotator "TA"]
[PlyCount "49"]
[EventDate "2021.12.18"]
[EventType "swiss"]
[EventCountry "POL"]
[SourceTitle "playchess.com"]
[Source "ChessBase"]
[SourceQuality "1"]

{[%evp 9,48,-3,8,20,28,22,22,25,42,45,52,46,29,29,35,43,216,217,212,219,222,
221,222,216,219,220,226,158,420,426,436,437,434,415,2592,2569,1579,1265,6570,
1685,29999]} 1. e4 c5 2. Nc3 Nc6 3. Bb5 Nd4 4. Bc4 e6 5. Nf3 Nxf3+ 6. Qxf3 {
B30: Sicilian: 2...Nc6 3 Bb5, lines without ...g6.} d6 7. O-O Nf6 8. Rd1 {
[%cal Bf1d1,Bd1d4,Bd4d5][%mdl 32] [#] The position is equal.} a6 $146 ({
Predecessor:} 8... Be7 9. d4 cxd4 10. Rxd4 Qb6 11. Rd3 O-O 12. Bb3 Bd7 13. Bf4
Rfd8 14. Rad1 Be8 {1-0 (51) Vokhidov,S (2412)-Lye,L (2247) Ahmedabad 2017}) 9.
d4 cxd4 10. Rxd4 Qc7 11. Bb3 {[%cal Oc1h6]} Be7 12. Qg3 e5 $2 {[#] Prevents
Bf4.} ({Black should play} 12... O-O $14) 13. Qxg7 $1 $18 Rf8 {[#]} 14. Nd5 $1
{[%mdl 512]} Nxd5 15. Rxd5 Be6 16. Rd3 {Rc3 is the strong threat.} ({Don't play
} 16. Qxh7 $6 Bxd5 17. Bxd5 O-O-O 18. Qh3+ Kb8) 16... Bxb3 17. Rxb3 {And now
Bh6 would win.} ({Not} 17. axb3 Qxc2 18. Qg3 {[#]} Bh4 $1 $14) 17... Qxc2 {
[%cal Rc2d1]} 18. Qg4 {Inhibits Qd1+. Strongly threatening Bh6.} Qc6 $2 {
Black cannot hold the game after this.} (18... h5 $16 19. Qf3 Rc8) 19. Bh6 b5
20. Bxf8 Bxf8 21. Rc3 Qb6 (21... Qd7 $142 22. Qd1 Qe6) 22. Rac1 Rd8 23. Rc8 {
White threatens R1c7 and mate.} Qb7 24. R1c7 (24. R8c7 $142 Qb6 25. Qg8) 24...
Rxc8 25. Qd7# {Weighted Error Value: White=0.07 (flawless) /Black=0.88} (25.
Rxb7 $2 {leads to mate.} Rc1+) 1-0

[Event "European Rapid Championship 2021"]
[Site "Katowice"]
[Date "2021.12.18"]
[Round "1.1"]
[White "Piesik, Piotr"]
[Black "Hertlein, Irena"]
[Result "1-0"]
[WhiteElo "2363"]
[BlackElo "1903"]
[Annotator "TA"]
[PlyCount "95"]
[EventDate "2021.12.18"]
[EventType "swiss"]
[EventCountry "POL"]
[SourceTitle "playchess.com"]
[Source "ChessBase"]
[SourceQuality "1"]

{[%evp 17,95,-37,-32,-54,-47,-60,-56,-56,-52,-63,-29,-45,-38,-60,-47,-101,-102,
-107,-47,-72,-73,-79,-61,-149,-133,-147,-149,-159,-142,-149,-142,-139,-111,
-122,-112,-192,-185,-192,-85,-218,-117,-127,-117,-224,17,16,16,-31,-35,-155,
-106,-158,-92,-101,-49,-230,-247,-231,414,414,414,414,414,414,29989,29990,
29990,29991,29991,0,21,0,29991,29992,29992,29993,29993,29994,29994,29995]} 1.
Nf3 d5 2. g3 e6 3. Bg2 c5 4. O-O Nc6 5. d3 Nf6 6. Nbd2 Be7 7. e4 O-O 8. Re1 b5
9. e5 Nd7 $1 10. c3 {C00: French: Unusual White 2nd moves.} a5 {[%cal Ba7a5,
Ba5a4][%mdl 32]} 11. Nf1 Ba6 12. h4 {[%cal Bh2h4,Bh4h5,Bh5h6][%mdl 32] Black
is slightly better.} b4 13. h5 {[#]} Qb6 $146 ({Predecessor:} 13... a4 14. h6
g6 15. a3 Na5 16. Bf4 Nb3 17. Ra2 bxc3 18. bxc3 Rb8 19. N1h2 Na5 {1-0 (46)
Ermel,F (2013)-Pipiras,F (1758) Famalicao 2018}) 14. h6 {[%cal Oc3c4]} g6 $1 {
[%cal Oa5a4]} 15. N1h2 a4 $1 {[%cal Oa4a3]} 16. c4 (16. cxb4 $15 Nxb4 17. Bf1 (
17. Qxa4 $2 Bxd3 18. Qd1 c4 $19)) 16... dxc4 $17 17. dxc4 {[#]} Rad8 (17...
Bxc4 $1 $17 {...Bd5 is the strong threat.} 18. Bg5 (18. Qxd7 $2 Rfd8 $19) 18...
Bd5) 18. Qxa4 Bxc4 19. Ng4 Bd5 20. Ne3 (20. Bg5 $1 $15) 20... Bxf3 21. Nc4 Qc7
22. Bxf3 Ncxe5 23. Nxe5 Nxe5 24. Be2 Nd3 25. Bxd3 Rxd3 26. Be3 (26. Bf4 $17 {
is a better defense.} Bd6 27. Qa6) 26... c4 $19 {aiming for ...Bc5.} 27. Rac1 {
[%cal Oa2a3]} c3 (27... Rc8 $19 28. Bf4 Qb7) 28. Qb5 (28. bxc3 $17 bxc3 29. Bf4
) 28... Rfd8 (28... Rd5 $19 29. Qe2 Rc8) 29. bxc3 $17 bxc3 30. a4 (30. Bf4 $17
Qa7 31. Qe5) 30... c2 $2 (30... R3d5 $19 31. Bf4 Qc8) 31. Qb2 $11 {[%csl Gh6]
[%cal Rb2g7]} Bf8 {To avoid Qg7+} ({Resist} 31... Rc3 32. Rxc2 $1 Bf6 33. Rec1
Rxc2 34. Rxc2 $1 Bxb2 35. Rxc7 $16) 32. Rxc2 (32. Qxc2 $11 {deserves
consideration.} Qa5 33. Red1) 32... Qa5 $15 {[%csl LRa4,LRe1]} 33. Rce2 (33.
Rcc1 $15) 33... Qxa4 ({Better is} 33... Rd1 34. Kf1 Qa8) 34. Bg5 (34. Rc1 $142)
34... Rc8 ({Black should try} 34... R8d5 35. Re4 Qa7) 35. Qf6 {[%cal Oe2e6]}
Qd4 (35... Rc5 $17 {Threatens to win with ...Rf5.} 36. Rd2 Qb4) 36. Rxe6 $2
Rxg3+ $1 $19 37. Kh2 Rxg5 $4 {[%mdl 8192]} 38. Qxd4 $18 {Threatening mate with
Re8. Dancing on a razor blade.} fxe6 {[#]} 39. Qd7 $1 Rh5+ 40. Kg2 Rcc5 (40...
Ra8 $18 41. Qxe6+ Kh8) 41. Qxe6+ Kh8 42. Qf6+ Kg8 43. Qe6+ $2 (43. Re8 {mates}
Rhg5+ 44. Kf1 Rc1+ 45. Ke2 Rc2+ 46. Ke3 Rc3+ 47. Kd4 Rd5+ 48. Kxd5 Rc5+ 49. Kd4
Rc4+ 50. Kxc4 g5 51. Rxf8#) 43... Kh8 $11 44. Qf6+ $2 {[%mdl 8192]} (44. Qe8
$11 Rhf5 45. Re3) 44... Kg8 45. Re8 {[%csl Gf6][%cal Re8f8] White mates.} Rhg5+
46. Kf1 {[%csl Gf6][%cal Re8f8]} Rc1+ 47. Ke2 {[%csl Gf6][%cal Re8f8]} Rc2+ 48.
Kd3 {Weighted Error Value: White=0.53/Black=0.64} 1-0

[Event "European Rapid Championship 2021"]
[Site "Katowice"]
[Date "2021.12.18"]
[Round "1.2"]
[White "Budkiewicz, Magdalena"]
[Black "Demchenko, Anton"]
[Result "0-1"]
[WhiteElo "1929"]
[BlackElo "2666"]
[Annotator "TA"]
[PlyCount "58"]
[EventDate "2021.12.18"]
[EventType "swiss"]
[EventCountry "POL"]
[SourceTitle "playchess.com"]
[Source "ChessBase"]
[SourceQuality "1"]

{[%evp 22,58,32,18,31,21,45,37,33,-25,-22,-22,-18,-26,-21,-12,-14,-65,-75,-94,
-85,-110,-109,-155,-151,-152,-147,-177,-72,-69,-70,-505,-481,-522,-511,-500,
-481,-475,-467]} 1. e4 c5 2. Nf3 d6 3. d4 cxd4 4. Nxd4 Nf6 5. Nc3 Nc6 6. Be2 e5
7. Nf3 h6 8. O-O Be7 9. h3 O-O 10. Re1 Be6 11. Bf1 Rc8 12. Nd5 Nb8 {[%cal
Bc6b8,Bb8d7,Bd7c5,Bc5d3][%mdl 32] B58: Classical Sicilian: 6 Be2.} 13. c4 Nbd7
14. b3 Nc5 {[#] White is slightly better.} 15. Bd3 $146 (15. Nc3 $14) ({
Predecessor:} 15. Nxe7+ Qxe7 16. Nd2 Bd7 17. b4 Na4 18. Re3 a6 19. b5 Nc5 20.
a4 a5 21. Qc2 {½-½ (68) Todorovic,G (2482)-Arsovic,Z (2410) Yugoslavia 2003})
15... Nxd5 $1 $11 16. cxd5 Nxd3 17. Qxd3 Bd7 18. Be3 f5 19. exf5 ({Better is} 
19. Rec1 $11) 19... Bxf5 $15 20. Qd1 Qe8 21. Rc1 Rxc1 22. Bxc1 {[#]} (22. Qxc1
$142 Bxh3 23. gxh3 Rxf3 24. Qc2) 22... Qg6 $1 $17 {And now ...Bxh3 would win.}
23. Kh1 Be4 24. Re3 Bxf3 $40 {[%mdl 128] Black wants a kill.} (24... Bd8 $19 {
White must now prevent ...Bb6.} 25. Re1 Be7) 25. Rxf3 Rxf3 26. Qxf3 {[%mdl
8192] [#] This move loses the game for White.} (26. gxf3 $15 Qb1 27. Qg1) 26...
Qb1 $1 $19 {[%csl LRa2,LRc1] Black is clearly winning.} 27. Qc3 Bg5 28. Qc8+
Kh7 29. Kh2 Bxc1 {Weighted Error Value: White=0.65/Black=0.08 (flawless)} 0-1

[Event "European Rapid Championship 2021"]
[Site "Katowice"]
[Date "2021.12.18"]
[Round "1.2"]
[White "Pyclik, Blazej"]
[Black "Reimanis, Ritvars"]
[Result "0-1"]
[WhiteElo "1553"]
[BlackElo "2397"]
[Annotator "TA"]
[PlyCount "82"]
[EventDate "2021.12.18"]
[EventType "swiss"]
[EventCountry "POL"]
[SourceTitle "playchess.com"]
[Source "ChessBase"]
[SourceQuality "1"]

{[%evp 9,82,4,20,19,20,-22,-30,-49,-43,-46,-5,-45,-38,-72,-68,-83,-69,-80,-50,
-111,-100,-105,-76,-154,-117,-192,-212,-217,-201,-442,-426,-447,-441,-475,-479,
-448,-426,-554,-545,-535,-500,-619,-575,-817,-788,-1196,-1207,-1164,-1328,
-1395,-1348,-1293,-1134,-1052,-814,-709,-486,-1385,-1337,-3543,-3325,-29983,
-29984,-29984,-29985,-29985,-29986,-29986,-29987,-29990,-29989,-29992,-29989,
-29990,-29989]} 1. c4 e6 2. g3 d5 3. Bg2 Nf6 4. Nf3 d4 5. d3 h6 {[#]} 6. a3
$146 {A13: English Opening: 1...e6.} ({Predecessor:} 6. O-O Nc6 7. a3 a5 8. b3
Bd6 9. Bb2 e5 10. Nbd2 Be6 11. Qc2 Bc5 12. Rfe1 {1-0 (24) Simon,T (1955)
-Barchfeld,P Bad Zwesten 2013}) 6... c5 7. Nbd2 (7. e3 $142) 7... Nc6 $11 8.
Rb1 {[%cal Ob2b4] Black has an edge.} a5 9. O-O Bd6 (9... Be7 $15 {is superior.
}) 10. Ne1 e5 11. Nc2 O-O 12. Nf3 Re8 {[%cal Bf8e8,Be8e7,Be7b7][%mdl 32]} 13.
e4 Rb8 {Black is more active.} 14. Bd2 {Black keeps a firm grip on the game.} (
14. a4 $15) 14... b5 $17 15. b3 Be6 {[%cal Bc8e6,Be6c4,Bc4b3][%mdl 32]} 16. h3
(16. a4 $142) 16... Re7 17. Nh4 (17. a4 $17 {might work better.} bxc4 18. bxc4)
17... Reb7 $19 {Strongly threatening ...bxc4.} 18. Ra1 {[#]} a4 $1 19. bxa4 (
19. cxb5 {was the only defense.} Rxb5 20. bxa4) 19... bxc4 20. dxc4 Bxc4 21.
Re1 Bb3 {White must now prevent ...d3.} 22. Qc1 Bf8 23. f4 Bxa4 24. Rf1 Rb3 25.
Kh2 Nh5 26. Rf3 exf4 27. Ne1 fxg3+ 28. Kh1 Qxh4 29. Rxb3 Rxb3 30. Qc4 {[#]} Rb2
$1 {[%cal Oc6e5] And now ...Ne5! would win.} 31. Nf3 Qxe4 32. Qxa4 Nf4 33. Re1
(33. Bxf4 $142 Qxf4 34. Qxc6) 33... Rb1 {[%cal Oe4e2] ( -> ...Qe2!)} 34. Qc4
Rxe1+ 35. Bxe1 Nxg2 {Black mates.} 36. Kxg2 Ne5 37. Qf1 Nxf3 38. Qxf3 Qxe1 39.
a4 c4 40. a5 Qxa5 41. Qxg3 Qg5 {Weighted Error Value: White=0.90/Black=0.30}
0-1

[Event "European Rapid Championship 2021"]
[Site "Katowice"]
[Date "2021.12.18"]
[Round "1.3"]
[White "Kovalenko, Igor"]
[Black "Zielinski, Konrad"]
[Result "1-0"]
[WhiteElo "2649"]
[BlackElo "1691"]
[Annotator "TA"]
[PlyCount "51"]
[EventDate "2021.12.18"]
[EventType "swiss"]
[EventCountry "POL"]
[SourceTitle "playchess.com"]
[Source "ChessBase"]
[SourceQuality "1"]

{[%evp 16,51,60,47,66,72,73,41,45,24,24,24,24,20,31,30,29,10,92,94,85,78,70,64,
90,82,244,248,241,251,247,250,242,241,305,302,281,285]} 1. e4 e5 2. Nf3 Nc6 3.
Bb5 a6 4. Bxc6 dxc6 5. O-O Bd6 6. d4 Bg4 7. dxe5 Bxf3 8. Qxf3 Bxe5 9. Nd2 Qh4 {
[%csl Ge5][%cal Rh4h2] [#] C68: Ruy Lopez: Exchange Variation, sidelines.} 10.
g3 Qf6 11. Qxf6 (11. Qb3 $5 {[%cal Rd2f3]} O-O-O 12. Nf3 $14 (12. Nc4 Nh6 $14))
11... Nxf6 {White is slightly better.} 12. Nc4 Bd4 13. c3 Bc5 {[#]} 14. Kg2
$146 ({Predecessor:} 14. b4 Bb6 15. Nxb6 cxb6 16. f3 O-O-O 17. Bg5 Rd3 18. Rac1
Rhd8 19. e5 R8d5 20. Rfe1 Rxf3 {1-0 (48) Erendzhenov,S (2405)-Vasiliev,S (2210)
Bashanta 2007}) 14... h6 15. Bf4 O-O-O 16. Rae1 $36 {[%mdl 2048] White has
some pressure.} g5 (16... Rhe8 $11) 17. Be5 $16 Be7 18. Ne3 {[%cal Bc4e3,Be3f5,
Bf5g7][%mdl 32]} Rhe8 19. Nf5 Ng4 20. Bg7 {[#] And now h3 would win. White is
more active.} Bf6 $2 {Black cannot hold the game after this.} (20... Bf8 $16)
21. h3 $18 ({Worse is} 21. Nxh6 Bxg7 22. Nxg4 Rd2 $11) (21. Bxh6 Rd2 $11) 21...
Bxg7 22. Nxg7 (22. hxg4 Bf8 $14) 22... Rg8 23. Nf5 {aiming for Ne7+.} ({Not} 
23. hxg4 Rxg7 24. Rd1 Rxd1 25. Rxd1 Rg6 $14) 23... Ne5 24. Ne7+ ({Less strong
is} 24. Nxh6 Rh8 25. Ng4 Nxg4 26. hxg4 Rd2 $14) 24... Kb8 25. Nxg8 Rxg8 26. Rd1
{Weighted Error Value: White=0.08 (flawless) /Black=0.30} 1-0

[Event "European Rapid Championship 2021"]
[Site "Katowice"]
[Date "2021.12.18"]
[Round "1.3"]
[White "Nasuta, Grzegorz"]
[Black "Arata, Alessio"]
[Result "1-0"]
[WhiteElo "2345"]
[BlackElo "1514"]
[Annotator "TA"]
[PlyCount "67"]
[EventDate "2021.12.18"]
[EventType "swiss"]
[EventCountry "POL"]
[SourceTitle "playchess.com"]
[Source "ChessBase"]
[SourceQuality "1"]

{[%evp 27,66,27,39,21,54,53,58,56,53,0,76,89,87,63,116,107,108,110,102,114,117,
123,116,87,149,143,152,151,215,220,209,218,557,529,29974,5502,29996,29997,
29997,29998,29999]} 1. e4 {Mekhitarian,K} e5 2. Nf3 Nc6 3. Bc4 Bc5 4. O-O Nf6
5. d3 h6 6. c3 d6 7. Bb3 O-O 8. h3 Bd7 9. Re1 Bb6 10. Nbd2 Ne7 11. Nf1 Ng6 12.
Ng3 Re8 13. d4 Be6 14. Bc2 c6 15. Be3 {C49: Four Knights: 4 Bb5 Bb4.} Qc7 16.
Qc1 Rad8 17. a4 {[%cal Oa4a5] White is slightly better.} a5 {[#]} 18. Rb1 $146
(18. Nf5 $14) ({Predecessor:} 18. b3 Bc8 19. c4 exd4 20. Nxd4 Bc5 21. Ndf5 Bxe3
22. Rxe3 Bxf5 23. Nxf5 d5 24. exd5 cxd5 25. cxd5 Nxd5 {1-0 (53) Naiditsch,A 
(2686)-Morozevich,A (2683) Novi Sad 2016 CBM 176 [Mekhitarian,K]}) 18... d5 (
18... Ba2 $1 $11 {keeps the balance.}) 19. Nxe5 $16 Nxe5 20. dxe5 (20. Bf4 {
is more complex.} Bc8 21. dxe5 Nxe4 22. Nxe4 dxe4 23. Bxe4 Qe7 24. Be3) 20...
Bxe3 (20... Nxe4 $1 $14 21. Bxb6 (21. Nxe4 dxe4 22. Bxb6 Qxb6 $14) (21. Bxe4
Bxe3 22. Qxe3 dxe4 $14) 21... Qxb6 22. Nxe4 (22. Bxe4 dxe4 23. Nxe4 Ba2 $14)
22... dxe4) 21. Qxe3 Qxe5 22. f4 Qc7 {[#]} 23. e5 Ne4 24. Nxe4 dxe4 25. Qxe4 {
Qh7+ is the strong threat.} g6 (25... Qb6+ $142 26. Kh1 g6) 26. Qe3 Kg7 27. Rf1
Qc8 (27... Kh7 $16 {keeps fighting.} 28. g4 f5) 28. g4 $18 {[%cal Bg2g4,Bg4f5,
Bf5f6][%mdl 32] Hoping for f5.} Bc4 29. Rf2 {Threatens to win with b3.} Be6 (
29... f5 30. exf6+ Kxf6 31. g5+ Kf7) 30. f5 gxf5 31. gxf5 {[#] White threatens
f6+ and mate.} Bd5 32. f6+ {White mates.} Kg8 33. Qg3+ Kh8 34. Qg7# {Weighted
Error Value: White=0.06 (flawless) /Black=0.97} 1-0

[Event "European Rapid Championship 2021"]
[Site "Katowice"]
[Date "2021.12.18"]
[Round "1.4"]
[White "Buchta, Bartolomej"]
[Black "Teclaf, Pawel"]
[Result "0-1"]
[WhiteElo "1969"]
[BlackElo "2345"]
[Annotator "TA"]
[PlyCount "60"]
[EventDate "2021.12.18"]
[EventType "swiss"]
[EventCountry "POL"]
[SourceTitle "playchess.com"]
[Source "ChessBase"]
[SourceQuality "1"]

{[%evp 9,60,0,0,0,0,0,2,-8,8,-14,-13,-52,-45,-64,-62,-80,-60,-98,-106,-110,-98,
-126,-112,-115,-108,-130,-122,-130,-108,-122,-129,-174,-178,-268,-263,-256,
-270,-362,-356,-381,-379,-561,-562,-578,-571,-570,-533,-830,-710,-840,-820,
-1213,-1227]} 1. a3 g6 2. d4 Nf6 3. Nf3 Bg7 4. g3 b6 5. Bg2 Bb7 6. c4 {A00:
Irregular Openings.} O-O 7. O-O e6 8. Nc3 {The position is equal.} Ne4 {[#]} 9.
Qc2 $146 ({Predecessor:} 9. Nxe4 Bxe4 10. Bf4 Qc8 11. Qd2 d6 12. Rfd1 Nd7 13.
Bh3 Bxf3 14. exf3 Re8 15. Be3 {1-0 (43) Lim,Z (2218)-Wahiduddin,K (2119) Shah
Alam 2016}) 9... Nxc3 10. bxc3 Nc6 11. e4 Na5 12. Nd2 Ba6 13. Qa4 Qe8 14. Re1
d6 15. Qxe8 Rfxe8 16. e5 Rad8 17. Bf1 dxe5 18. dxe5 Rd7 {Black is more active.}
19. Rb1 Red8 20. c5 (20. Ne4 $17 {might work better.}) 20... Bxf1 $19 ({
Don't do} 20... Rxd2 21. Bxd2 Bxf1 22. Bg5 $14) 21. Kxf1 (21. Nxf1 {was
necessary.} Rd3 22. Bg5) 21... Rxd2 22. Bxd2 Rxd2 23. cxb6 axb6 ({Wrong is} 
23... cxb6 $2 24. Rbd1 Rxd1 25. Rxd1 $19) 24. h4 Nc4 {[%csl LRa3,LRe5]} 25. f4
(25. a4 {is a better defense.}) 25... Bf8 {Black is clearly winning.} 26. a4
Bc5 {[#] ( -> ...Rf2+)} 27. Re2 {To avoid Rf2+} Rd3 28. g4 Rxc3 {Hoping for ...
Rg3.} 29. h5 Rg3 {[%csl Gc5][%cal Rg3g1]} 30. Rg2 {Prevents Rg1+.} Ne3+ {
White did not feel at home in the position after the opening.  Weighted Error
Value: White=0.67/Black=0.09 (flawless)} 0-1

[Event "European Rapid Championship 2021"]
[Site "Katowice"]
[Date "2021.12.18"]
[Round "1.4"]
[White "Hasterok, Lukasz"]
[Black "Balog, Imre"]
[Result "0-1"]
[WhiteElo "1619"]
[BlackElo "2629"]
[Annotator "TA"]
[PlyCount "72"]
[EventDate "2021.12.18"]
[EventType "swiss"]
[EventCountry "POL"]
[SourceTitle "playchess.com"]
[Source "ChessBase"]
[SourceQuality "1"]

{[%evp 16,72,0,0,13,0,43,0,36,0,0,-54,0,-20,-12,-15,0,0,-2,-77,-52,-170,-171,
-160,-48,-214,-195,-199,-206,-218,-232,-208,-178,-318,-313,-306,-303,-405,-408,
-472,-482,-504,-475,-636,-563,-555,-415,-401,-381,-412,-397,-553,-462,-870,
-864,-1498,-1299,-4782,-1658]} 1. d4 Nf6 2. Nf3 g6 3. Bf4 Bg7 4. h3 O-O 5. e3
d6 6. c3 b6 7. Nbd2 Bb7 8. Bc4 Nbd7 9. O-O e6 {A48: 1 d4 Nf6 2 Nf3 g6: Torre,
London and Colle Systems.} 10. Re1 Qe7 {[#]} (10... d5 $11 11. Bb3 c5) 11. Bg3
$146 (11. e4 $14) ({Predecessor:} 11. e4 e5 12. Bg5 h6 13. Bh4 Rfe8 14. Qb3 Qf8
15. Qc2 a6 16. a4 Nh5 17. Nf1 {1-0 (47) Vargas Arteaga,A (2320)-Blandon,L 
(2167) Medellin 2015}) 11... e5 {The position is equal.} 12. dxe5 dxe5 13. Qc2
(13. e4 $11) 13... a6 (13... e4 $1 $15 14. Nd4 c5) 14. a4 e4 15. Nd4 Ne5 16.
Bf1 Rad8 {[%cal Oe5d3]} 17. Rad1 (17. Red1 $11 {keeps the balance.}) 17... c5 (
17... Nd3 $5 18. Bxd3 exd3 $17) 18. Ne2 (18. Bxe5 $15 Qxe5 19. Ne2) 18... Nd3
$19 19. Nc4 Qe6 {Black is more active.} ({Black should play} 19... b5 $17 20.
axb5 axb5) 20. b3 {[#] Loses the game.} (20. Nf4 $1 $15 Qxc4 21. b3 Nxe1 22.
Rxe1) 20... Nxe1 21. Rxe1 Nd5 {To avoid Bc7} 22. Nf4 Nxf4 23. Bxf4 Rd7 {
Prevents Bc7.} 24. Rd1 (24. a5 $142) 24... Rxd1 25. Qxd1 Bxc3 26. Nd6 Bd5 {
[%cal Bb7d5,Bd5b3,Bb3d1,Bd1c2,Bc2e4][%mdl 32]} 27. Bxa6 Bxb3 28. Qb1 Bg7 29.
Bc8 Qd5 30. Bb7 Qd1+ 31. Qxd1 Bxd1 32. Bc6 Bc2 33. Nxe4 Rd8 {White must now
prevent ...c4. Black is clearly winning.} 34. Bc7 (34. Nd6 $142 g5 35. Bg3)
34... Rc8 35. Bxb6 Rxc6 36. a5 Bxe4 {Weighted Error Value: White=1.06/Black=0.
28 (precise)} 0-1

[Event "European Rapid Championship 2021"]
[Site "Katowice"]
[Date "2021.12.18"]
[Round "1.5"]
[White "Bernadskiy, Vitaliy"]
[Black "Mirowska, Oliwia"]
[Result "1-0"]
[WhiteElo "2616"]
[BlackElo "1832"]
[Annotator "TA"]
[PlyCount "57"]
[EventDate "2021.12.18"]
[EventType "swiss"]
[EventCountry "POL"]
[SourceTitle "playchess.com"]
[Source "ChessBase"]
[SourceQuality "1"]

{[%evp 9,57,52,59,51,135,117,139,149,145,142,154,129,178,150,151,155,167,152,
158,150,164,167,187,164,337,330,318,325,322,272,265,259,355,270,378,321,350,
350,387,305,282,279,363,225,299,306,29980,29980,29998,29999]} 1. e4 c6 2. d4 g6
3. Nf3 Bg7 4. Bd3 d5 5. e5 f6 6. O-O {[#] B06: Modern Defence.} f5 $146 (6...
fxe5 $14 7. Nxe5 Nd7) ({Predecessor:} 6... Bg4 7. Re1 fxe5 8. dxe5 Nd7 9. Bf4
Nc5 10. Be2 Ne6 11. Qd2 Bxf3 12. Bxf3 Nxf4 13. Qxf4 {0-1 (31) Kisic,B (2257)
-Raicevic,M (2314) Podgorica 2019}) 7. c4 e6 8. cxd5 {White is clearly better.}
cxd5 9. Nc3 a6 {Prevents Nb5.} 10. h4 {White is more active.} ({Don't take} 10.
Bg5 Ne7 $16) 10... h6 {To avoid Bg5} (10... Nc6 $16 11. Na4 Nge7) 11. Be3 Bd7
12. Qd2 Nc6 13. Rac1 Bf8 14. g3 Be7 15. Kg2 Qc7 16. Bf4 {[%cal Oc3d5]} O-O-O $2
{[#]} (16... Qd8 17. Rfd1 Rc8) 17. Nxd5 $1 $18 {[%mdl 512]} exd5 18. e6 $1 Bd6
19. Bxd6 Qxd6 20. exd7+ Rxd7 21. Ne5 {[%cal Oc1c6]} Rc7 22. Nxc6 bxc6 23. Bxa6+
Kd8 24. Rfe1 {Hoping for b4.} Nf6 25. Qa5 Ne4 26. Bd3 {b4 is the strong threat.
} g5 27. hxg5 {Really sharp!} Nxg5 $2 {[#]} (27... Rg8 $18 28. b4 Rxg5 29. Bxe4
fxe4) 28. Bxf5 Qf6 29. Qa8+ {Black got outplayed after the opening.  Weighted
Error Value: White=0.22 (precise) /Black=0.75} 1-0

[Event "European Rapid Championship 2021"]
[Site "Katowice"]
[Date "2021.12.18"]
[Round "1.5"]
[White "Keinanen, Toivo"]
[Black "Fudala, Dominik"]
[Result "1-0"]
[WhiteElo "2341"]
[BlackElo "1516"]
[Annotator "TA"]
[PlyCount "57"]
[EventDate "2021.12.18"]
[EventType "swiss"]
[EventCountry "POL"]
[SourceTitle "playchess.com"]
[Source "ChessBase"]
[SourceQuality "1"]

{[%evp 9,57,36,52,43,66,56,46,66,62,60,65,54,52,33,44,37,57,39,44,44,51,40,88,
67,92,68,114,106,108,112,186,62,284,169,262,258,291,303,408,189,312,305,227,
190,986,310,293,292,518,395]} 1. c4 e5 2. g3 d6 3. Nc3 Nc6 4. Nf3 Nf6 5. Bg2
Be6 6. b3 {A29: English Opening: Four Knights Variation with 4 g3.} Qc8 {[#]}
7. d4 $146 ({Predecessor:} 7. h3 g6 8. Bb2 Bg7 9. d4 exd4 10. Nb5 a6 11. Nbxd4
Bd7 12. Qc1 Ne7 13. Nc2 {1-0 (30) Lilloni,L-Matteucci,G Ferrara 1952}) 7... Bh3
8. O-O {White is slightly better.} Bxg2 9. Kxg2 Be7 10. dxe5 dxe5 11. Nd5 Nd7
12. Qc2 f6 13. Nh4 O-O 14. Nf5 Re8 15. Be3 Nf8 (15... Bf8 $14 {is more
appropriate.}) 16. Qe4 ({But not} 16. Nfxe7+ Nxe7 17. Nxe7+ Rxe7 $11) 16... Bd8
17. g4 {White is much more active.} ({Reject} 17. Qg4 $6 g6 18. Nh6+ Kg7 $11)
17... Qe6 (17... Kh8 $14 {deserves consideration.}) 18. Rad1 $1 $16 Rb8 19. h3
Qf7 {[#]} (19... Kh8 $16 20. h4 Qg8) 20. Rd2 (20. Bh6 $1 $18 {[%cal Rh6g7]
[%mdl 512]} Ne6 (20... Qg6 21. Bxg7) 21. Bxg7 $1 {[%mdl 512]}) 20... b6 $2 {
[#] Loses the game.} (20... Ne6 $14) 21. Nxb6 cxb6 (21... axb6 {keeps fighting.
} 22. Qxc6 Qe6) 22. Qxc6 $18 {Black must now prevent Nd6.} Be7 23. Rfd1 Rbc8
24. Qe4 (24. Qb7 $142) 24... Bb4 (24... Rc7 $142 25. Rd5 Qe6) 25. Rd3 Qe6 26.
Qb7 {[%csl Gf5][%cal Rb7g7]} Qf7 {[#]} (26... Qc6+ 27. Qxc6 Rxc6) 27. Qxf7+ $2
(27. Rd7 $1 {[%mdl 512]} Nxd7 28. Rxd7 Qxd7 29. Qxd7) 27... Kxf7 28. c5 e4 $2 (
28... Bxc5 29. Bxc5 Rxc5 30. Nd6+ Ke7 31. Nxe8 Kxe8) 29. Rd5 {Weighted Error
Value: White=0.50/Black=0.63} 1-0